Southville International School and Colleges
Your cart is empty.
  • Cart
  • Lists
    Public lists Eva Luna New books Lux_list list_1
    Your lists Log in to create your own lists
  • Log in to your account
  • Your cookies
  • Search history
Southville International School and Colleges
  • Advanced search
  • Recent comments
  • Most popular
  • Libraries

Log in to your account

Log in with GOOGLE


If you do not have an external account, but do have a local account, you can still log in:

  1. Home
  2. MARC view: Yang guang xia de diao hua men lou = the carved gateway in the sunshine :
Normal view MARC view ISBD view

Yang guang xia de diao hua men lou = the carved gateway in the sunshine : (Record no. 7136)

[ view plain ]
MARC details
000 -LEADER
fixed length control field 00938nam a22002657a 4500
003 - CONTROL NUMBER IDENTIFIER
control field OSt
005 - DATE AND TIME OF LATEST TRANSACTION
control field 20140310181924.0
008 - FIXED-LENGTH DATA ELEMENTS--GENERAL INFORMATION
fixed length control field 130719t xxu||||| |||| 00| 0 eng d
020 ## - INTERNATIONAL STANDARD BOOK NUMBER
International Standard Book Number 7805629234
050 ## - LIBRARY OF CONGRESS CALL NUMBER
Classification number NA 7449.F85
Item number .X6 2002
082 ## - DEWEY DECIMAL CLASSIFICATION NUMBER
Classification number TR 951.07
Item number B39 2002
100 ## - MAIN ENTRY--PERSONAL NAME
Personal name Xiao, Chunlei
9 (RLIN) 2254
245 ## - TITLE STATEMENT
Title Yang guang xia de diao hua men lou = the carved gateway in the sunshine :
Remainder of title Wuyi gu min ju de ji yi = a memory of Wuyi ancient residences /
Statement of responsibility, etc Xiao Chunlei
250 ## - EDITION STATEMENT
Edition statement 1st ed.
260 ## - PUBLICATION, DISTRIBUTION, ETC. (IMPRINT)
Place of publication, distribution, etc Fuzhou Shi :
Name of publisher, distributor, etc Hai chao she ying yi shu chu,
Date of publication, distribution, etc c2002.
300 ## - PHYSICAL DESCRIPTION
Extent 178 p. :
Other physical details col. : ill. ;
Dimensions 22 cm.
521 ## - TARGET AUDIENCE NOTE
Target audience note
541 ## - IMMEDIATE SOURCE OF ACQUISITION NOTE
-- 1
562 ## - COPY AND VERSION IDENTIFICATION NOTE
Number of copies 1
650 ## - SUBJECT ADDED ENTRY--TOPICAL TERM
Topical term or geographic name as entry element Architecture, Domestic
General subdivision China
-- Fujian Sheng
9 (RLIN) 2255
650 ## - SUBJECT ADDED ENTRY--TOPICAL TERM
Topical term or geographic name as entry element Vernacular architecture
General subdivision China
-- Fujian Sheng
9 (RLIN) 2256
650 ## - SUBJECT ADDED ENTRY--TOPICAL TERM
Topical term or geographic name as entry element Gates
General subdivision China
-- Fujian Sheng
9 (RLIN) 2257
650 ## - SUBJECT ADDED ENTRY--TOPICAL TERM
Topical term or geographic name as entry element Gateways
General subdivision China
-- Fujian Sheng
9 (RLIN) 2258
942 ## - ADDED ENTRY ELEMENTS (KOHA)
Source of classification or shelving scheme Library of Congress Classification
Koha item type
Call number prefix
Holdings
Withdrawn status Lost status Source of classification or shelving scheme Damaged status Home library Current library Shelving location Date acquired Total Checkouts Full call number Barcode Date last seen Copy number Price effective from Koha item type
    Library of Congress Classification   Luxembourg Library Luxembourg Library Teachers Reference Section 07/19/2013   NA 7449.F85 .X6 2002 12986 08/13/2013 1 07/19/2013 Books

Yang guang xia de diao hua men lou = the carved gateway in the sunshine :

APA

Xiao C., . (2002). Yang guang xia de diao hua men lou = the carved gateway in the sunshine. Fuzhou Shi: Hai chao she ying yi shu chu.

Chicago

Xiao Chunlei, . 2002. Yang guang xia de diao hua men lou = the carved gateway in the sunshine. Fuzhou Shi: Hai chao she ying yi shu chu.

Harvard

Xiao C., . (2002). Yang guang xia de diao hua men lou = the carved gateway in the sunshine. Fuzhou Shi: Hai chao she ying yi shu chu.

MLA

Xiao Chunlei, . Yang guang xia de diao hua men lou = the carved gateway in the sunshine. Fuzhou Shi: Hai chao she ying yi shu chu. 2002.

  • Place hold
  • Print
  • Cite
  • Add to your cart (remove)
  • Save record
    BIBTEX Dublin Core MARCXML MARC (non-Unicode/MARC-8) MARC (Unicode/UTF-8) MARC (Unicode/UTF-8, Standard) MODS (XML) RIS
  • More searches
    Search for this title in:
    Other Libraries (WorldCat) Other Databases (Google Scholar) Online Stores (Bookfinder.com) Open Library (openlibrary.org)

Exporting to Dublin Core...

SOUTHVILLE LIBRARY

Southville International School and Colleges Library

1281 Tropical Ave. Cor. Luxembourg St., BF Homes International, Las Pinas City

Tel. No. 8256374 / 252358 Loc. 117/146

Powered by Koha